| 000 | 00852nam a2200229Ia 4500 | ||
|---|---|---|---|
| 005 | 20250108125156.0 | ||
| 008 | 008 250107s9999 xx 000 0 hin d | ||
| 020 | _a978-93-94534-21-6 | ||
| 037 | _aREF | ||
| 040 |
_aCRL _bhin _cCRL |
||
| 041 |
_ahin _2hin |
||
| 084 | _aa14,12N67 Q2.1-.2,1,2,3(RR) | ||
| 084 | _qCRL | ||
| 100 | _aगंगल, अनिल, ले. | ||
| 245 | 0 |
_aबैंड का आखि़री वादक: कविता संकलन _cगंगल, अनिल, ले. |
|
| 260 |
_aगाजियाबाद, भारत _bउद्भावना _c3544 |
||
| 300 | _a112पृ0 | ||
| 365 |
_aINR _b25000 |
||
| 650 |
_aहिन्दी कविताहिन्दी साहित्य _9729733 |
||
| 942 |
_cREF _ha14,12N67 Q2.1-.2,1,2,3(RR) |
||
| 999 |
_c1235932 _d1235932 |
||